Airlines of Manchester Airport UK (MAN) - 2023 - Statistics

General Stats
  • This quiz has been taken 153 times
  • The average score is 19 of 33
Answer Stats
Answer % Correct
Ryanair
94%
Easyjet
92%
British Airways
90%
Emirates
86%
Jet2
81%
Air France
77%
TUI Airways
76%
Aer Lingus
74%
Lufthansa
74%
KLM
73%
Qatar Airways
73%
Turkish Airlines
72%
Etihad Airways
68%
Singapore Airlines
68%
American Airlines
62%
Virgin Atlantic
62%
SAS Scandinavian Airlines
61%
TAP Air Portugal
60%
Delta
57%
Air Canada
56%
Swiss
55%
Loganair
52%
Icelandair
46%
Eurowings
43%
Brussels Airlines
42%
Aegean Airways
39%
Ethiopian Airlines
38%
Cathay Pacific
37%
Vueling
35%
Air Malta
26%
Air Transat
25%
Oman Air
20%
Hainan Airlines
17%
No matching quizzes found
Score Distribution
Percent of People with Each Score
Percentile by Number Answered
Your Score History
You have not taken this quiz